=LDR 00000nam 2200000 4500 =001 INLIS000000000052912 =005 20180315080048 =035 ##$$a 0010-0318000139 =007 ta =008 180315###########################0###### =020 ##$$a 979-736-734-7 =082 ##$$a 641.2 =084 ##$$a 641.2 MAR m =100 #$$a Maria Putri K =245 1#$$a Membuat Aneka Minuman Menyehatkan /$c Maria Putri K =260 ##$$a Jakarta :$b Sinar Cemerlang Abadi,$c 2007 =300 ##$$a 58 hlm : $b ilus ; $c 20 cm =650 ##$$a Minuman =504 ##$$a Bibliografi : hlm. 58 =990 ##$$a 57895789 =990 ##$$a 57895789 =990 ##$$a 57895789 =990 ##$$a 57895789 =990 ##$$a 57895789 =990 ##$$a 21710856 =990 ##$$a 01201805789 =990 ##$$a 01201805790 =990 ##$$a 01201805791 =990 ##$$a 01201805792 =990 ##$$a 21710857 =990 ##$$a 01201805789 =990 ##$$a 01201805790 =990 ##$$a 01201805791 =990 ##$$a 21710856 =990 ##$$a 21710858 =990 ##$$a 01201805789 =990 ##$$a 01201805790 =990 ##$$a 21710857 =990 ##$$a 21710856 =990 ##$$a 21710859 =990 ##$$a 01201805789 =990 ##$$a 21710858 =990 ##$$a 21710857 =990 ##$$a 21710856 =990 ##$$a 21710860 =990 ##$$a 21710859 =990 ##$$a 21710858 =990 ##$$a 21710857 =990 ##$$a 21710856